000 00284nam a22001337a 4500
008 170522b xxu||||| |||| 00| 0 eng d
020 _a0140055940
041 _aeng
080 _a94
100 _a16
101 _aSHH
245 _aWITNESS TO OUR TIME
_cLUCE, H.R
942 _2udc
_cBK
999 _c13658
_d13658